Rakouský občan Josef Pekař : (kapitola z kulturně politických dějin) /

Hlavní autor: Kučera, Martin, 1958-
Korporativní autor: Univerzita Karlova
Jazyk: Čeština
Vydáno: Praha : Karolinum, 2005
Vydání: Vyd. 1.
Témata:
Externí odkaz: Digitalizovaný dokument
Fyzický popis: 476 s. ; 21 cm
Knihy
Uloženo v:
LEADER 02080nam a2200541 a 4500
001 nkc20051500925
003 CZ PrNK
005 20051031093754.0
007 ta
008 050222s2005 xr f 001 0dcze
015 |a cnb001500925 
020 |a 80-246-0988-6  |q (brož.) 
035 |a (OCoLC)62790704 
040 |a BOA001  |b cze  |d ABA001 
043 |a e-xr--- 
045 |a w7x3 
072 7 |a 930  |x Historická věda. Pomocné vědy historické. Archivnictví  |2 Konspekt  |9 8 
080 |a 930-051  |2 MRF 
080 |a 323  |2 MRF 
080 |a (437.3)  |2 MRF 
080 |a (048.8)  |2 MRF 
080 |a (093)  |2 MRF 
100 1 |a Kučera, Martin,  |d 1958-  |7 jn20000401554  |4 aut 
245 1 0 |a Rakouský občan Josef Pekař :  |b (kapitola z kulturně politických dějin) /  |c Martin Kučera 
250 |a Vyd. 1. 
260 |a Praha :  |b Karolinum,  |c 2005 
300 |a 476 s. ;  |c 21 cm 
504 |a Obsahuje bibliografii, bibliografické odkazy a rejstřík 
550 |a Vydavatel: Univerzita Karlova v Praze 
600 1 7 |a Pekař, Josef,  |d 1870-1937  |7 jk01092389  |2 czenas 
648 7 |a 19.-20. století  |7 ch757015  |2 czenas 
648 7 |a 1914-1918  |7 ch460644  |2 czenas 
650 0 7 |a historici  |7 ph114665  |z Česko  |y 19.-20. století  |2 czenas 
650 0 9 |a historians  |z Czechia  |y 19th-20th centuries  |2 eczenas 
651 7 |a Česko  |7 ge128065  |x společnost a politika  |y 1914-1918  |2 czenas 
651 9 |a Czechia  |x society and politics  |y 1914-1918  |2 eczenas 
655 7 |a studie  |7 fd133597  |2 czenas 
655 7 |a dokumenty  |7 fd132064  |2 czenas 
655 9 |a studies  |2 eczenas 
655 9 |a documents  |2 eczenas 
710 2 |a Univerzita Karlova  |7 kn20010710036 
856 4 1 |u http://www.digitalniknihovna.cz/mzk/uuid/uuid:46536760-c421-11ee-a038-005056827e52  |y Digitalizovaný dokument  |x NDK 
910 2 |a BOA001  |b 2-1156.564 
990 |a BK 
995 |a 01 
991 |b 200509  |c NOV 
996 6 |b 2610259416  |c 2-1156.564  |l MZK  |r Sklad / do 1 hodiny  |n 0  |p p.v.  |w 000788875  |u 000010  |a 1  |e BOA001  |j MZK50  |s P 
996 7 |b 2610260737  |c 2-1156.564  |l MZK  |r Sklad / do 1 hodiny  |n 15  |p kup  |w 000788875  |u 000020  |a 1  |e BOA001  |j MZK50  |s A